000 00493nam a2200169Ia 4500
999 _c28253
_d28253
003 OSt
005 20210111133615.0
008 190216s9999||||xx |||||||||||||| ||und||
040 _coclc
082 _a894.8122
_bAND/V
100 _aAndrews, Cherian
_98154
245 0 _aVidooshaka Shakunthalam /
_cCherian Andrews
260 _bPoorna Publications,
_aKozhikode:
300 _a162p
650 _aMalayalam Nadakam
942 _cBK
_2ddc
_h894.8122
_iAND/V
_k894.8122
_mAND/V